[Event "BL 9394 Zähringen-Castrop Rauxel"]
[Site "?"]
[Date "1993.??.??"]
[Round "?.6"]
[White "Raupp, T."]
[Black "Libeau, R."]
[Result "1/2-1/2"]
[WhiteElo "2360"]
[BlackElo "2425"]
[PlyCount "51"]
[EventDate "1993.??.??"]

1. d4 Nf6 2. c4 e6 3. Nc3 Bb4 4. Qc2 c5 5. dxc5 O-O 6. a3 Bxc5 7. Nf3 Nc6 8.
Bg5 Nd4 9. Nxd4 Bxd4 10. e3 Qa5 11. exd4 Qxg5 12. Qd2 Qxd2+ 13. Kxd2 b6 14. Bd3
Ba6 15. a4 Bb7 16. f3 d5 17. cxd5 Bxd5 18. Rhc1 Rfd8 19. Ke3 Rac8 20. Be4 Bc4
21. a5 bxa5 22. Rxa5 Rb8 23. Rc2 a6 24. Rd2 Kf8 25. Na4 Rb3+ 26. Kf2 1/2-1/2

[Event "BL 9394 Zähringen-Castrop Rauxel"]
[Site "?"]
[Date "1993.??.??"]
[Round "?.7"]
[White "Dinstuhl, V."]
[Black "Brendel, O."]
[Result "1-0"]
[WhiteElo "2365"]
[BlackElo "2385"]
[PlyCount "105"]
[EventDate "1993.??.??"]

1. d4 Nf6 2. c4 g6 3. Nc3 Bg7 4. e4 O-O 5. Be3 d6 6. f3 Nc6 7. Nge2 a6 8. Qd2
Rb8 9. h4 h5 10. Nc1 e5 11. d5 Nd4 12. Nb3 Nxb3 13. axb3 c5 14. Be2 Bd7 15. Nd1
Nh7 16. b4 cxb4 17. Qxb4 f5 18. Qxd6 Bf6 19. Kd2 Qe8 20. Qb4 Be7 21. c5 fxe4
22. fxe4 Nf6 23. Bf3 Bb5 24. Qc3 Qc8 25. Nf2 Ng4 26. Nxg4 hxg4 27. Bd1 g3 28.
Rh3 Rf2+ 29. Bxf2 gxf2 30. d6 Bf8 31. Bb3+ Kh7 32. Rf3 Bh6+ 33. Kc2 Qg4 34.
Rf7+ Bg7 35. Bc4 Qxe4+ 36. Kb3 Rc8 37. d7 Rd8 38. Rf1 Bxc4+ 39. Qxc4 Qe3+ 40.
Qc3 Qe2 41. R1xf2 Qb5+ 42. Qb4 Qd3+ 43. Ka2 Qd5+ 44. Qb3 Qxc5 45. Rc2 Qa5+ 46.
Kb1 Qe1+ 47. Rc1 Qe4+ 48. Ka1 Qd4 49. h5 gxh5 50. Qf3 e4 51. Qxh5+ Kg8 52.
Rxg7+ Qxg7 53. Qe8+ 1-0

[Event "BL 9394 Zähringen-Castrop Rauxel"]
[Site "?"]
[Date "1993.??.??"]
[Round "?.8"]
[White "Siegel, G."]
[Black "Hermesmann, H."]
[Result "1-0"]
[WhiteElo "2335"]
[BlackElo "2305"]
[PlyCount "61"]
[EventDate "1993.??.??"]

1. d4 f5 2. g3 Nf6 3. Bg2 d6 4. Nf3 g6 5. b3 Bg7 6. Bb2 O-O 7. c4 Qe8 8. Qc2
Na6 9. Nbd2 c6 10. O-O h6 11. Rae1 g5 12. e4 fxe4 13. Nxe4 Qh5 14. Nxf6+ Bxf6
15. Re3 Bg4 16. h3 Bd7 17. d5 Rae8 18. Rfe1 c5 19. Bxf6 Rxf6 20. Rxe7 Rxe7 21.
Rxe7 Bf5 22. Qc3 Qg6 23. Rxb7 Nb4 24. Rxa7 Nd3 25. Ra8+ Kh7 26. Qa5 Bxh3 27.
Ra7+ Kg8 28. Bxh3 g4 29. Ra8+ Rf8 30. Rxf8+ Kxf8 31. Qd8+ 1-0

[Event "BL 9394 Erfurt-Koblenz"]
[Site "?"]
[Date "1993.??.??"]
[Round "?.1"]
[White "Seul, G."]
[Black "Kuczynski, R."]
[Result "1/2-1/2"]
[WhiteElo "2425"]
[BlackElo "2520"]
[PlyCount "48"]
[EventDate "1993.??.??"]

1. d4 d5 2. c4 c6 3. Nf3 Nf6 4. Nc3 e6 5. Bg5 h6 6. Bxf6 Qxf6 7. Qb3 a5 8. g3
a4 9. Nxa4 dxc4 10. Qc2 Bb4+ 11. Nc3 Qf5 12. Qxf5 exf5 13. Ne5 Be6 14. e3 Bd5
15. Rg1 Bxc3+ 16. bxc3 Ra4 17. Bh3 g6 18. g4 fxg4 19. Bxg4 Ke7 20. Kd2 Be6 21.
Bd1 Ra7 22. a4 Nd7 23. Nxd7 Kxd7 24. Bc2 Ra5 1/2-1/2

[Event "BL 9394 Erfurt-Koblenz"]
[Site "?"]
[Date "1993.??.??"]
[Round "?.2"]
[White "Casper, T."]
[Black "Reschke, S."]
[Result "1/2-1/2"]
[WhiteElo "2440"]
[BlackElo "2380"]
[PlyCount "44"]
[EventDate "1993.??.??"]

1. e4 c5 2. Nf3 Nc6 3. d3 g6 4. g3 Bg7 5. Bg2 Nf6 6. O-O d5 7. Nbd2 O-O 8. Re1
h6 9. c3 Be6 10. Qe2 Qb6 11. exd5 Bxd5 12. Ne4 Rad8 13. Nxf6+ exf6 14. Be3 a5
15. Red1 f5 16. Qc2 Rd7 17. Rd2 Rfd8 18. Qa4 Ne7 19. d4 Bxf3 20. Bxf3 cxd4 21.
Bxd4 Bxd4 22. cxd4 Rxd4 1/2-1/2

[Event "BL 9394 Erfurt-Koblenz"]
[Site "?"]
[Date "1993.??.??"]
[Round "?.3"]
[White "Fritsche, L."]
[Black "Maiwald, JU."]
[Result "0-1"]
[WhiteElo "2375"]
[BlackElo "2430"]
[PlyCount "68"]
[EventDate "1993.??.??"]

1. e4 c5 2. Nc3 e6 3. d3 Nc6 4. g3 g6 5. Bg2 Bg7 6. Be3 Nd4 7. Qd2 Qa5 8. Nge2
d6 9. O-O Ne7 10. f4 f5 11. h3 O-O 12. g4 Nxe2+ 13. Qxe2 Bd7 14. Qf2 Bc6 15. d4
cxd4 16. Bxd4 e5 17. fxe5 dxe5 18. Bc5 fxg4 19. Qe3 Bh6 20. Qxh6 Qxc5+ 21. Kh2
b5 22. Qg5 gxh3 23. Bxh3 Rf2+ 24. Kh1 Raf8 25. Be6+ Kg7 26. Rxf2 Rxf2 27. Nd5
Bxd5 28. Qxe5+ Kh6 29. exd5 Nf5 30. Rg1 Qc4 31. Re1 Qg4 32. Qe3+ Nxe3 33. Bxg4
Nxg4 34. d6 Rxc2 0-1

[Event "BL 9394 Erfurt-Koblenz"]
[Site "?"]
[Date "1993.??.??"]
[Round "?.4"]
[White "Jasnikowski, Z."]
[Black "Polster, W."]
[Result "1-0"]
[WhiteElo "2450"]
[BlackElo "2370"]
[PlyCount "55"]
[EventDate "1993.??.??"]

1. d4 f5 2. c4 Nf6 3. Nc3 e6 4. Nf3 Bb4 5. g3 O-O 6. Bg2 d6 7. Bd2 c5 8. O-O a6
9. a3 Ba5 10. dxc5 dxc5 11. Bf4 Bxc3 12. Qxd8 Rxd8 13. bxc3 Ne4 14. Rfd1 Re8
15. Rd3 Nc6 16. Ne5 g5 17. Nxc6 gxf4 18. Ne5 fxg3 19. Bxe4 gxf2+ 20. Kxf2 fxe4
21. Rg3+ Kf8 22. Ke3 Ke7 23. Kxe4 Rf8 24. Rg7+ Ke8 25. Rxh7 b5 26. Rg1 Rb8 27.
Rgg7 Rf6 28. Nc6 1-0

[Event "BL 9394 Erfurt-Koblenz"]
[Site "?"]
[Date "1993.??.??"]
[Round "?.5"]
[White "Bohn, T."]
[Black "Schwarz, M."]
[Result "1-0"]
[WhiteElo "2355"]
[BlackElo "2405"]
[PlyCount "47"]
[EventDate "1993.??.??"]

1. f4 d5 2. Nf3 g6 3. e3 Bg7 4. Be2 Nf6 5. O-O O-O 6. d3 c5 7. a4 Nc6 8. Qe1
Qd6 9. Nc3 e5 10. e4 exf4 11. Qh4 dxe4 12. Bxf4 Qd8 13. dxe4 Nd4 14. Bg5 h6 15.
Bxh6 Nxe4 16. Qxe4 Nxe2+ 17. Qxe2 Bxh6 18. Rad1 Qb6 19. Nd5 Qxb2 20. Ne5 Be6
21. Nxg6 fxg6 22. Qxe6+ Kg7 23. Nf6 Be3+ 24. Qxe3 1-0

[Event "BL 9394 Erfurt-Koblenz"]
[Site "?"]
[Date "1993.??.??"]
[Round "?.6"]
[White "Enders, P."]
[Black "Hammes, M."]
[Result "1/2-1/2"]
[WhiteElo "2480"]
[BlackElo "2220"]
[PlyCount "61"]
[EventDate "1993.??.??"]

1. e4 e6 2. d4 d5 3. Nc3 Bb4 4. e5 c5 5. a3 Bxc3+ 6. bxc3 Ne7 7. Qg4 O-O 8. Bd3
f5 9. exf6 Rxf6 10. Bg5 Rf7 11. Qh4 h6 12. Bxe7 Rxe7 13. Nf3 Nc6 14. O-O c4 15.
Bg6 Bd7 16. Rfe1 Be8 17. Bxe8 Qxe8 18. Qg3 Qf7 19. a4 Qf5 20. Re2 Rae8 21. Ne5
Nxe5 22. Qxe5 Qxe5 23. dxe5 Rf7 24. f3 Rc8 25. Ree1 Kh7 26. Kf2 g5 27. h3 h5
28. Rab1 h4 29. Red1 Rcc7 30. Rd4 Rf5 31. Re1 1/2-1/2

[Event "BL 9394 Dresden-Porz"]
[Site "?"]
[Date "1993.??.??"]
[Round "?.4"]
[White "Borriss, M."]
[Black "Hickl, J."]
[Result "1-0"]
[WhiteElo "2375"]
[BlackElo "2570"]
[PlyCount "87"]
[EventDate "1993.??.??"]

1. e4 d6 2. d4 g6 3. Nc3 c6 4. f4 d5 5. Nf3 dxe4 6. Nxe4 Bg7 7. Bc4 Nh6 8. Ne5
Nd7 9. O-O O-O 10. c3 Nf6 11. Qe1 Nxe4 12. Qxe4 Qd6 13. Nf3 Bf5 14. Qe2 c5 15.
dxc5 Qxc5+ 16. Be3 Qc7 17. Ne5 Rad8 18. Bd4 Rd6 19. Bb3 Be6 20. g4 a6 21. Rae1
Bxb3 22. axb3 e6 23. h3 Rd5 24. Kg2 Re8 25. Qf3 Qd8 26. Rd1 f6 27. Nc4 Nf7 28.
Bb6 Qd7 29. Rxd5 exd5 30. Rd1 Qb5 31. Qxd5 Qxb3 32. Rd2 Bf8 33. Bc7 Qa2 34. Nb6
Qb1 35. Nd7 Bg7 36. Bb6 Qc1 37. Bf2 b5 38. Bh4 Rd8 39. Bf2 Re8 40. Bh4 g5 41.
fxg5 fxg5 42. Rf2 Kh8 43. Qxf7 Re1 44. Qd5 1-0

[Event "BL 9394 Dresden-Porz"]
[Site "?"]
[Date "1993.??.??"]
[Round "?.5"]
[White "Vaganian, R."]
[Black "Goldberg, A."]
[Result "1-0"]
[WhiteElo "2615"]
[BlackElo "2395"]
[PlyCount "61"]
[EventDate "1993.??.??"]

1. Nf3 d5 2. d4 Nf6 3. c4 e6 4. Nc3 Be7 5. Bg5 O-O 6. e3 a6 7. Qc2 Nbd7 8. cxd5
exd5 9. Bd3 Re8 10. O-O c6 11. Rae1 Nf8 12. Ne5 Ng4 13. Bxe7 Qxe7 14. Nxg4 Bxg4
15. f4 Rad8 16. f5 f6 17. Qb3 Kh8 18. e4 Qc7 19. exd5 Rxe1 20. Rxe1 Qf4 21. Qb6
Qd2 22. Re4 Rc8 23. dxc6 bxc6 24. Bxa6 Bxf5 25. Re2 Qc1+ 26. Kf2 Qf4+ 27. Ke1
Rb8 28. Qa7 Bg4 29. h3 Qc1+ 30. Kf2 Bxe2 31. Qxb8 1-0

[Event "BL 9394 Dresden-Porz"]
[Site "?"]
[Date "1993.??.??"]
[Round "?.6"]
[White "Heinatz, T."]
[Black "Vogt, L."]
[Result "0-1"]
[WhiteElo "2380"]
[BlackElo "2495"]
[PlyCount "52"]
[EventDate "1993.??.??"]

1. e4 c5 2. Nf3 e6 3. d4 cxd4 4. Nxd4 a6 5. Nc3 d6 6. Be3 Nf6 7. Be2 Be7 8. g4
b5 9. Bf3 Nfd7 10. a3 Bb7 11. Bg2 Nc6 12. Nde2 Rc8 13. O-O h5 14. gxh5 Rxh5 15.
Ng3 Rh8 16. Qe2 Nde5 17. Rad1 g5 18. Nd5 exd5 19. exd5 Nb8 20. Nf5 Bf8 21. f4
gxf4 22. Rxf4 Nbd7 23. Qf2 Rg8 24. Kh1 Ng4 25. Qg3 Nde5 26. Bh3 Nf6 0-1

[Event "BL 9394 Dresden-Porz"]
[Site "?"]
[Date "1993.??.??"]
[Round "?.7"]
[White "Mainka, R."]
[Black "Andresen, S."]
[Result "1-0"]
[WhiteElo "2515"]
[BlackElo "2370"]
[PlyCount "93"]
[EventDate "1993.??.??"]

1. e4 c5 2. Nf3 Nc6 3. d4 cxd4 4. Nxd4 Nf6 5. Nc3 d6 6. Be2 e5 7. Nf3 h6 8. O-O
Be7 9. Re1 O-O 10. h3 a6 11. Bf1 Qc7 12. Nd5 Nxd5 13. exd5 Nb8 14. c4 Bf5 15.
b3 Nd7 16. Bb2 Bh7 17. b4 Rfe8 18. a3 Bf8 19. Qb3 b6 20. Nd2 Qb7 21. Qg3 a5 22.
Nb3 axb4 23. axb4 Rxa1 24. Rxa1 Ra8 25. Bd3 Rxa1+ 26. Bxa1 Qa6 27. Bxh7+ Kxh7
28. Qd3+ g6 29. Qc2 Qa4 30. Qc3 Qa2 31. Nc1 Qb1 32. Kh2 h5 33. Nb3 Bh6 34. Bb2
Nf6 35. Bc1 Ne4 36. Qb2 Qxb2 37. Bxb2 Nxf2 38. c5 dxc5 39. bxc5 bxc5 40. Nxc5
e4 41. Bd4 e3 42. Kg3 f5 43. d6 f4+ 44. Kf3 Bf8 45. d7 Be7 46. Kxf4 Nd1 47. Kf3
1-0

[Event "BL 9394 Dresden-Porz"]
[Site "?"]
[Date "1993.??.??"]
[Round "?.8"]
[White "Meyer, P."]
[Black "Brunner, L."]
[Result "0-1"]
[WhiteElo "2360"]
[BlackElo "2475"]
[PlyCount "86"]
[EventDate "1993.??.??"]

1. Nf3 d5 2. d4 Nf6 3. c4 dxc4 4. e3 e6 5. Bxc4 c5 6. O-O a6 7. Qe2 b5 8. Bb3
Bb7 9. Rd1 Nbd7 10. Nc3 Qb6 11. d5 exd5 12. e4 dxe4 13. Ng5 c4 14. Bc2 Be7 15.
Ncxe4 Nxe4 16. Bxe4 Nf6 17. Be3 Qc7 18. Bf4 Qxf4 19. Bxb7 Ra7 20. Bc6+ Kf8 21.
Nh3 Qc7 22. Qe3 g6 23. a4 bxa4 24. Qd4 Kg7 25. Rdc1 Qxc6 26. Qxa7 Bc5 27. Rxc4
Bxf2+ 28. Qxf2 Qxc4 29. Rf1 Ng4 30. Qd2 Re8 31. Ng5 Re7 32. Qd6 Rd7 33. Rxf7+
Qxf7 34. Nxf7 Rxd6 35. Nxd6 Ne3 36. Nb7 Nc4 37. Nc5 Nxb2 38. Nxa6 Nd3 39. Nc7
a3 40. Ne6+ Kf6 41. Nd4 a2 42. Nc2 Nb4 43. Na1 Ke5 0-1

[Event "BL 9394 Koblenz-Dresden"]
[Site "?"]
[Date "1993.??.??"]
[Round "?.1"]
[White "Bologan, V."]
[Black "Seul, G."]
[Result "1-0"]
[WhiteElo "2510"]
[BlackElo "2425"]
[PlyCount "117"]
[EventDate "1993.??.??"]

1. e4 d6 2. d4 g6 3. Nc3 Bg7 4. f4 Nf6 5. Nf3 O-O 6. Be3 c5 7. dxc5 Qa5 8. Bd3
Nxe4 9. Bd2 Qxc5 10. Qe2 Nf6 11. O-O-O Bg4 12. h3 Bxf3 13. Qxf3 Nc6 14. Kb1 Nb4
15. g4 Nxd3 16. Qxd3 Rac8 17. g5 Nd7 18. h4 Nb6 19. h5 Rfe8 20. Be3 Qc4 21.
Bxb6 Qxd3 22. Rxd3 axb6 23. Nd5 Rc4 24. Re1 gxh5 25. Rh3 f6 26. Rxh5 fxg5 27.
Rxg5 Kf7 28. b3 Rc6 29. Reg1 Bd4 30. Rh1 Rh8 31. Rgh5 e6 32. Nb4 Rcc8 33. f5
Rcg8 34. fxe6+ Kxe6 35. Nd5 Rg1+ 36. Rxg1 Bxg1 37. c3 Bf2 38. Nf4+ Kd7 39. Ng6
Re8 40. Rxh7+ Kc8 41. Rf7 Bg3 42. Ne7+ Kb8 43. a4 Be5 44. Kc2 Rh8 45. Nd5 Ka7
46. Kd3 Rc8 47. Rc7 Rh8 48. Kc4 Rh3 49. Rc8 Rh4+ 50. Kb5 Rh3 51. Nxb6 Rh8 52.
Rxh8 Bxh8 53. Nd5 Be5 54. a5 Bg3 55. b4 Be5 56. Kc4 Bg3 57. b5 Be5 58. b6+ Kb8
59. Kb5 1-0

[Event "BL 9394 Koblenz-Dresden"]
[Site "?"]
[Date "1993.??.??"]
[Round "?.2"]
[White "Reschke, S."]
[Black "Uhlmann, W."]
[Result "0-1"]
[WhiteElo "2380"]
[BlackElo "2510"]
[PlyCount "100"]
[EventDate "1993.??.??"]

1. c4 Nf6 2. g3 g6 3. Bg2 Bg7 4. Nc3 d6 5. d4 Nbd7 6. Nf3 e5 7. O-O O-O 8. e4
c6 9. h3 Qb6 10. b3 exd4 11. Na4 Qa5 12. Nxd4 Re8 13. Re1 Nxe4 14. b4 Qxb4 15.
Rxe4 Rxe4 16. Bxe4 c5 17. Rb1 Qxc4 18. Bxb7 Rb8 19. Nb5 Bxb7 20. Nxd6 Qd5 21.
Qxd5 Bxd5 22. Rxb8+ Nxb8 23. Nxc5 Bxa2 24. Ncb7 Nc6 25. Bd2 Kf8 26. Be3 a5 27.
Bc5 Kg8 28. Ba3 Bc3 29. Ne4 Bb4 30. Bb2 Kf8 31. g4 a4 32. g5 a3 33. Ba1 Be6 34.
h4 Be7 35. Nbc5 Bf5 36. f3 Nb4 37. Nb3 Bxe4 38. fxe4 h6 39. gxh6 Kg8 40. Bc3
Nd3 41. Na1 Bd6 42. Kg2 Be5 43. Bxe5 Nxe5 44. Kg3 Kh7 45. Kf4 f6 46. Kg3 Kxh6
47. Kf4 Kh5 48. Kg3 a2 49. Nb3 Nc4 50. Na1 Nd2 0-1

[Event "BL 9394 Koblenz-Dresden"]
[Site "?"]
[Date "1993.??.??"]
[Round "?.3"]
[White "Lanka, Z."]
[Black "Fritsche, L."]
[Result "1-0"]
[WhiteElo "2540"]
[BlackElo "2375"]
[PlyCount "89"]
[EventDate "1993.??.??"]

1. e4 d6 2. d4 Nf6 3. Nc3 g6 4. f4 Bg7 5. Nf3 O-O 6. Be3 c5 7. dxc5 Qa5 8. Bd3
Ng4 9. Bd2 Qxc5 10. Qe2 Nf6 11. h3 Nh5 12. Qe3 Qa5 13. Ne2 Qc7 14. g4 Nf6 15.
Bc3 Nc6 16. O-O-O Be6 17. Kb1 b5 18. f5 Bc4 19. Bxc4 bxc4 20. g5 Nh5 21. Bxg7
Nxg7 22. Nfd4 Rab8 23. Qc3 Nxd4 24. Nxd4 e5 25. fxe6 fxe6 26. Rhf1 Qc5 27. h4
e5 28. Nf3 Ne6 29. h5 Nf4 30. Rd2 Rb6 31. hxg6 hxg6 32. Ka1 Rfb8 33. Rb1 Qc6
34. Rh2 Qxe4 35. Nd2 Qd5 36. Qxc4 Rb4 37. Qxd5+ Nxd5 38. c4 Ne3 39. b3 d5 40.
Rh3 Nf5 41. a3 R4b6 42. cxd5 Ne7 43. Nc4 Rb5 44. Rbh1 Rxd5 45. Nxe5 1-0

[Event "BL 9394 Koblenz-Dresden"]
[Site "?"]
[Date "1993.??.??"]
[Round "?.4"]
[White "Polster, W."]
[Black "Borriss, M."]
[Result "0-1"]
[WhiteElo "2370"]
[BlackElo "2375"]
[PlyCount "116"]
[EventDate "1993.??.??"]

1. e4 c5 2. Nc3 Nc6 3. g3 g6 4. Bg2 Bg7 5. d3 d6 6. Be3 e6 7. Qd2 Rb8 8. Nf3
Nd4 9. O-O Ne7 10. Ne1 O-O 11. Nd1 e5 12. c3 Ndc6 13. Nc2 f5 14. f4 b6 15. exf5
Bxf5 16. Nf2 Qd7 17. fxe5 Nxe5 18. Bf4 Rbe8 19. Rae1 Kh8 20. b3 N7c6 21. Ne3
Be6 22. Nc4 Nf7 23. Rxe6 Rxe6 24. Bd5 Ree8 25. Ne4 Nce5 26. d4 cxd4 27. cxd4
Nc6 28. Be3 b5 29. Rxf7 Rxf7 30. Ncxd6 Rff8 31. Bxc6 Qxc6 32. d5 Qd7 33. Nxe8
Qxe8 34. Ng5 Qd7 35. Ne6 Rf5 36. Nxg7 Kxg7 37. d6 Kf7 38. Qd4 Rf6 39. Bf4 a6
40. Be5 Re6 41. Qd5 Kf8 42. Kg2 Re8 43. Qf3+ Qf5 44. Bf4 Kf7 45. g4 Qe4 46.
Bg5+ Qxf3+ 47. Kxf3 Ke6 48. Be7 Rc8 49. Kf4 Rc2 50. h4 h6 51. a3 Rf2+ 52. Ke4
Rb2 53. Bf8 Rxb3 54. h5 gxh5 55. gxh5 Rxa3 56. Kd4 Rh3 57. Kc5 Rxh5+ 58. Kc6
Rd5 0-1

[Event "BL 9394 Koblenz-Dresden"]
[Site "?"]
[Date "1993.??.??"]
[Round "?.5"]
[White "Goldberg, A."]
[Black "Bohn, T."]
[Result "1-0"]
[WhiteElo "2395"]
[BlackElo "2355"]
[PlyCount "69"]
[EventDate "1993.??.??"]

1. e4 e6 2. d4 d5 3. Nc3 Nf6 4. Bg5 Be7 5. e5 Nfd7 6. h4 Bxg5 7. hxg5 Qxg5 8.
Nh3 Qe7 9. Nf4 g6 10. Bd3 Nb6 11. Bxg6 Nc6 12. Bxh7 Qg5 13. g3 Bd7 14. Be4
O-O-O 15. Rxh8 Rxh8 16. Bg2 Rh2 17. Kf1 f6 18. Nh3 Qh6 19. Qg4 fxe5 20. dxe5
Kb8 21. Kg1 Rxg2+ 22. Kxg2 Nxe5 23. Qf4 Qg7 24. Re1 Ng6 25. Qg5 e5 26. Qd8+ Bc8
27. Ng5 a6 28. Rh1 Nf8 29. a4 d4 30. Nce4 Nxa4 31. b3 Nc3 32. Nc5 Nb5 33. Rh8
Qxh8 34. Nd7+ Ka7 35. Qxc8 1-0

[Event "BL 9394 Koblenz-Dresden"]
[Site "?"]
[Date "1993.??.??"]
[Round "?.6"]
[White "Hammes, M."]
[Black "Heinatz, T."]
[Result "0-1"]
[WhiteElo "2220"]
[BlackElo "2380"]
[PlyCount "80"]
[EventDate "1993.??.??"]

1. d4 Nf6 2. Nf3 g6 3. c4 Bg7 4. Nc3 O-O 5. e4 d6 6. Be2 e5 7. O-O Na6 8. Be3
c6 9. dxe5 dxe5 10. Nd2 Nd7 11. a3 Ndc5 12. b4 Ne6 13. c5 b6 14. cxb6 axb6 15.
Na4 Nd4 16. Bxd4 exd4 17. Bd3 b5 18. Nb2 Bd7 19. Nb3 Qe7 20. Qc2 Rfc8 21. Rac1
Be8 22. Be2 Nc7 23. Ra1 Rd8 24. Nd3 Qxe4 25. Bf3 Qe6 26. Na5 Nd5 27. Rfe1 Qc8
28. Rac1 Nc3 29. Ne5 Ra6 30. Qd2 h5 31. Qf4 g5 32. Qg3 g4 33. Be4 Nxe4 34. Rxe4
Qf5 35. Ree1 Bh6 36. Nd3 Bxc1 37. Rxc1 Raa8 38. Nxc6 Bxc6 39. Rxc6 Rxa3 40. Rc5
Rxd3 0-1

[Event "BL 9394 Porz-Erfurt"]
[Site "?"]
[Date "1993.??.??"]
[Round "?.3"]
[White "Jasnikowski, Z."]
[Black "Christiansen, L."]
[Result "0-1"]
[WhiteElo "2450"]
[BlackElo "2555"]
[PlyCount "75"]
[EventDate "1993.??.??"]

1. d4 Nf6 2. c4 e6 3. Nf3 Bb4+ 4. Bd2 c5 5. Bxb4 cxb4 6. g3 O-O 7. Bg2 d6 8.
O-O Nc6 9. Nbd2 a5 10. a3 bxa3 11. bxa3 e5 12. e3 Bf5 13. Qb3 Qc7 14. Rac1 a4
15. Qc3 Rac8 16. Nh4 Bd7 17. Ne4 Nxe4 18. Bxe4 g6 19. Bg2 Na5 20. Qb4 Nb3 21.
Rcd1 exd4 22. exd4 Bg4 23. Bf3 Bxf3 24. Nxf3 Qc6 25. d5 Qa6 26. Nd2 Nxd2 27.
Rxd2 Rxc4 28. Qb2 Re8 29. Qf6 Rce4 30. Rdd1 R4e5 31. Kg2 h5 32. Rc1 Rxd5 33.
Rfe1 Qb5 34. Rc7 Rf5 35. Rxe8+ Qxe8 36. Qxd6 Qe4+ 37. Kg1 Qe1+ 38. Kg2 0-1

[Event "BL 9394 Porz-Erfurt"]
[Site "?"]
[Date "1993.??.??"]
[Round "?.4"]
[White "Hickl, J."]
[Black "Enders, P."]
[Result "1/2-1/2"]
[WhiteElo "2570"]
[BlackElo "2480"]
[PlyCount "94"]
[EventDate "1993.??.??"]

1. g3 Nf6 2. Bg2 g6 3. b3 Bg7 4. Bb2 O-O 5. c4 c5 6. Nf3 Nc6 7. O-O d6 8. d3
Bg4 9. h3 Bd7 10. Nc3 Rb8 11. e3 Qc8 12. Kh2 a6 13. Rc1 b5 14. Qe2 Qd8 15. Rfd1
Qa5 16. Ba1 Rfc8 17. Kg1 Be8 18. Nh2 bxc4 19. dxc4 Ne5 20. f4 Nc6 21. Ng4 Nb4
22. Nf2 Bc6 23. e4 Nh5 24. Kh2 Bxc3 25. Rxc3 Qxa2 26. Bb2 Qa5 27. Re3 Qc7 28.
Ng4 Rd8 29. e5 d5 30. e6 f6 31. Bxf6 Nxf6 32. Nxf6+ exf6 33. e7 Re8 34. cxd5
Bb5 35. d6 Bxe2 36. dxc7 Rbc8 37. Rxe2 Rxc7 38. Re6 Kf7 39. Rdd6 f5 40. Rf6+
Kg7 41. h4 Rexe7 42. h5 Rf7 43. Rxf7+ Rxf7 44. hxg6 hxg6 45. Bf1 Rb7 46. Bc4 a5
47. Rd8 Nc2 1/2-1/2

[Event "BL 9394 Porz-Erfurt"]
[Site "?"]
[Date "1993.??.??"]
[Round "?.5"]
[White "Mueller, Mat"]
[Black "Vaganian, R."]
[Result "0-1"]
[WhiteElo "2350"]
[BlackElo "2615"]
[PlyCount "68"]
[EventDate "1993.??.??"]

1. e4 e6 2. d4 d5 3. Nc3 Bb4 4. e5 c5 5. a3 Ba5 6. b4 cxd4 7. Qg4 Ne7 8. Nb5
Bc7 9. Qxg7 Rg8 10. Qxh7 a6 11. Nxc7+ Qxc7 12. Bb2 Qxe5+ 13. Ne2 Qf6 14. f4
Nbc6 15. Qd3 Nf5 16. O-O-O Qh6 17. Kb1 Bd7 18. Re1 Rc8 19. g3 Ne3 20. Nxd4 Nxd4
21. Bxd4 Nxc2 22. Rc1 Nxd4 23. Rxc8+ Bxc8 24. Qxd4 Rxg3 25. Bd3 Rh3 26. Rg1 Qh8
27. Qc5 Bd7 28. Qd6 f5 29. Re1 Qf6 30. Qxd5 Rxh2 31. Re5 Qg6 32. Re1 Qf6 33.
Re5 Rf2 34. Bxf5 Qxf5+ 0-1

[Event "BL 9394 Porz-Erfurt"]
[Site "?"]
[Date "1993.??.??"]
[Round "?.6"]
[White "Vogt, L."]
[Black "Troyke, C."]
[Result "0-1"]
[WhiteElo "2495"]
[BlackElo "2395"]
[PlyCount "108"]
[EventDate "1993.??.??"]

1. e4 c5 2. Nf3 Nc6 3. d4 cxd4 4. Nxd4 g6 5. c4 Bg7 6. Be3 Nf6 7. Nc3 O-O 8.
Be2 d6 9. O-O Bd7 10. Qd2 Nxd4 11. Bxd4 Bc6 12. f3 a5 13. b3 Nd7 14. Be3 Nc5
15. Rab1 Qb6 16. Rfc1 Rfc8 17. Bf1 Qd8 18. Qf2 Qf8 19. a3 e6 20. b4 axb4 21.
axb4 Na4 22. Ne2 f5 23. exf5 gxf5 24. Nd4 f4 25. Bd2 Bd7 26. Bd3 Be5 27. Be4
Qf6 28. Ne2 Bc6 29. Bxc6 Rxc6 30. Rb3 Rac8 31. Ra3 Nb6 32. c5 Nd5 33. Ra7 b6
34. g3 bxc5 35. gxf4 Bd4 36. Nxd4 Qxd4 37. Re1 Qxf2+ 38. Kxf2 cxb4 39. Rg1+ Kh8
40. Rgg7 R6c7 41. Rgxc7 Rxc7 42. Rxc7 Nxc7 43. Bxb4 Nb5 44. Ke3 Kg7 45. Kd3 d5
46. Ke3 Kf6 47. Bf8 Kf5 48. Bc5 h5 49. Bf8 Na7 50. Bd6 Nc6 51. Bc7 Ne7 52. Bd6
Ng6 53. Bc7 Nxf4 54. Bxf4 d4+ 0-1

[Event "BL 9394 Porz-Erfurt"]
[Site "?"]
[Date "1993.??.??"]
[Round "?.7"]
[White "Brueggemann, Joa"]
[Black "Mainka, R."]
[Result "0-1"]
[WhiteElo "2335"]
[BlackElo "2515"]
[PlyCount "94"]
[EventDate "1993.??.??"]

1. e4 c5 2. Nf3 d6 3. d4 cxd4 4. Nxd4 Nf6 5. Nc3 e6 6. Bc4 Be7 7. Qe2 O-O 8.
Bb3 Na6 9. g4 Nc5 10. g5 Ne8 11. h4 Bd7 12. Bd2 a6 13. O-O-O b5 14. Rdg1 Qb6
15. h5 Nxb3+ 16. Nxb3 b4 17. Nd1 a5 18. g6 a4 19. gxh7+ Kh8 20. h6 g6 21. Na1
Kxh7 22. f4 Qb7 23. Rh3 Bc6 24. Nf2 Nf6 25. Re3 d5 26. f5 dxe4 27. fxg6+ fxg6
28. Reg3 Rg8 29. Nh3 Nh5 30. Ng5+ Bxg5 31. Rxg5 Raf8 32. Qc4 Bd5 33. Qxb4 Qxb4
34. Bxb4 Rf3 35. b3 Nf4 36. Re1 Rc8 37. Kb1 Rf2 38. Re5 Ng2 39. R1xe4 axb3 40.
Re2 bxc2+ 41. Nxc2 Rxe2 42. Rxe2 Nf4 43. Re5 Nd3 44. Re3 Bxa2+ 45. Kxa2 Rxc2+
46. Kb3 Nxb4 47. Kxb4 Kxh6 0-1

[Event "BL 9394 Porz-Erfurt"]
[Site "?"]
[Date "1993.??.??"]
[Round "?.8"]
[White "Brunner, L."]
[Black "Voekler, B."]
[Result "1/2-1/2"]
[WhiteElo "2475"]
[BlackElo "2335"]
[PlyCount "73"]
[EventDate "1993.??.??"]

1. e4 c5 2. Nf3 d6 3. d4 cxd4 4. Nxd4 Nf6 5. Nc3 a6 6. Be2 e5 7. Nb3 Be7 8. O-O
O-O 9. Be3 Nbd7 10. a4 b6 11. Bc4 Bb7 12. Qd3 Qc7 13. Rfc1 Rfc8 14. Nd5 Nxd5
15. Bxd5 Bxd5 16. exd5 Rf8 17. a5 f5 18. axb6 Nxb6 19. c4 Nd7 20. f4 e4 21. Qc2
Bf6 22. Na5 Rfb8 23. Rcb1 Nc5 24. Nc6 Re8 25. Ra3 Nd3 26. b4 Qf7 27. b5 axb5
28. Rxa8 Rxa8 29. cxb5 Qxd5 30. b6 Ra2 31. b7 Rxc2 32. b8=Q+ Kf7 33. Qb7+ Ke6
34. Qc8+ Kf7 35. Qb7+ Ke6 36. Qc8+ Kf7 37. Qb7+ 1/2-1/2

[Event "BL 9394 Koblenz-Dortmund"]
[Site "?"]
[Date "1993.??.??"]
[Round "?.1"]
[White "Beckhuis, G."]
[Black "Seul, G."]
[Result "1/2-1/2"]
[WhiteElo "2300"]
[BlackElo "2425"]
[PlyCount "28"]
[EventDate "1993.??.??"]

1. d4 d5 2. c4 c6 3. Nf3 Nf6 4. Nc3 a6 5. cxd5 cxd5 6. Bf4 Nc6 7. Rc1 Bf5 8. e3
Qb6 9. Bd3 Bxd3 10. Qxd3 e6 11. O-O Be7 12. Na4 Qb5 13. Qd1 O-O 14. Bg5 Rfc8
1/2-1/2

[Event "BL 9394 Koblenz-Dortmund"]
[Site "?"]
[Date "1993.??.??"]
[Round "?.2"]
[White "Reschke, S."]
[Black "Mainka, G."]
[Result "0-1"]
[WhiteElo "2380"]
[BlackElo "2385"]
[PlyCount "76"]
[EventDate "1993.??.??"]

1. c4 e5 2. g3 Nc6 3. Bg2 g6 4. Nc3 Bg7 5. Rb1 a5 6. e3 d6 7. d3 h5 8. h4 Nh6
9. b3 O-O 10. Nge2 Be6 11. Bb2 Ng4 12. Qd2 f5 13. Bd5 Bxd5 14. Nxd5 Ne7 15. f3
Nxd5 16. cxd5 Nf6 17. e4 Nh7 18. Qe3 Rf7 19. Bc1 Qe7 20. Bd2 a4 21. bxa4 Rxa4
22. Nc3 f4 23. Qg1 Rd4 24. Ke2 c6 25. gxf4 cxd5 26. Be3 dxe4 27. fxe4 Nf6 28.
Rb5 Qc7 29. Qc1 Qd7 30. Qg1 Ng4 31. fxe5 dxe5 32. Rd5 Qe8 33. Rxd4 exd4 34.
Bxd4 Qf8 35. Bc5 Qa8 36. Bd4 Qa3 37. Bxg7 Qb2+ 38. Ke1 Rf2 0-1